[Event "ISR-chT"]
[Site "Israel"]
[Date "1997.??.??"]
[Round "4"]
[White "Finkel, Alexander"]
[Black "Maryasin, Boris Feliksovich"]
[Result "1-0"]
[WhiteElo "2505"]
[BlackElo "2360"]
[Annotator "Finkel,A"]
[PlyCount "65"]
[EventDate "1997.??.??"]
[EventType "team"]
[EventRounds "11"]
[EventCountry "ISR"]
[SourceTitle "CBM 059"]
[Source "ChessBase"]
[SourceDate "1997.08.01"]
[SourceVersion "1"]
[SourceVersionDate "1997.08.01"]
[SourceQuality "1"]

1. e4 c5 2. c3 d6 3. d4 Nf6 4. Bd3 cxd4 5. cxd4 Nc6 6. Ne2 $5 {I don't think
that this move is worse than more popular 6.Nf3.White gets very flexiable
position keeping the possibility to play f3 or f4 depending on the set-up that
black will choose} g6 7. Nbc3 Bg7 8. O-O O-O 9. h3 $5 (9. f3 $5 Qb6 10. Na4 Qc7
11. Be3 Bd7 12. Rc1 e6 13. Nac3 $14) 9... e5 (9... Bd7 $6 10. Be3 Qa5 11. Qd2
Rfc8 12. a3 a6 13. b4 Qd8 14. Rac1 Be8 15. f4 $16 {Sax,H-Baric,D/Bled op-B /18
1995 (30)}) (9... Nd7 $6 10. Be3 Nb4 11. Bc4 Nb6 12. Bb3 e6 13. Qd2 Bd7 14. Bg5
Bf6 15. Bxf6 Qxf6 16. f4 $16 {Grosse-Klonne,E/Munster open 1994/1-0 (59)}) (
9... a6 10. a3 b5 11. b4 Bb7 12. Be3 Rc8 13. Qd2 e6 14. Rfc1 $14 {Werner,
I-Esaibekian,M/EU-chJW U16 Herculane 1994 (23)}) 10. d5 Nd4 $5 {After} (10...
Ne7 11. Be3 Ne8 12. f3 f5 13. Qb3 Nc7 14. a4 Kh8 15. Nb5 $14 {arises position,
which is very typical for king's indian.But the difference is crucial:white
has already started his actions on the queenside,while black's play on the
kingside comes with certain delay. Vlassov-Kavalerov;St/Petersburg,1995(41)})
11. Nxd4 exd4 12. Ne2 Re8 13. f3 Nd7 14. Kh1 $5 (14. b3 $5 Nc5 (14... Qb6 15.
Bb2 Ne5 $6 (15... Nc5) 16. Kh1 Nxd3 17. Qxd3 Bd7 18. Nxd4 Rac8 19. Rac1 $14)
15. Bb2 Qb6 16. Kh1 Na4 17. Ba3 Nc3 18. Nxc3 dxc3 19. Rc1 $14) 14... a6 15. a4
$1 Nc5 16. b4 Nxd3 17. Qxd3 Qh4 18. Bf4 $8 (18. Bb2 $6 f5 (18... Bxh3 $2 19.
gxh3 Qxh3+ 20. Kg1 Re5 21. Bxd4 Rg5+ 22. Kf2 $18) 19. Nxd4 fxe4 20. fxe4 Qxe4
$17) (18. Nxd4 $2 Bxh3 19. gxh3 Qxh3+ 20. Kg1 Qg3+ 21. Kh1 Bxd4 $19) 18... f5
19. Rac1 g5 $6 {Weakening squares h5 and f5,which prooves to be extremly
dangerous.It was nessasary to play 19...Bd7! with very complicated position.}
20. Bxd6 fxe4 21. fxe4 Bd7 (21... Qxe4 22. Qxe4 Rxe4 23. Ng3 Re8 24. Rc7 d3 25.
Nh5 $40) (21... Rxe4 $6 22. Bg3 Re3 23. Qxe3 dxe3 24. Bxh4 gxh4 25. Rc7 $16)
22. Rc7 $16 Rad8 23. Ng3 $5 (23. Qf3 $1 Rf8 24. Rxd7 $1 Rxf3 25. Rxd8+ $18)
23... g4 24. Rf5 $1 {Preparing the advance of e-pawn.} gxh3 25. e5 hxg2+ 26.
Kxg2 Qg4 27. e6 $18 Rxe6 (27... Bxe6 28. dxe6 Rxd6 29. Rff7 Rdxe6 30. Rxg7+
Qxg7 31. Rxg7+ Kxg7 32. Qxd4+ $18) 28. dxe6 Bxe6 29. Bf4 $1 {The rest is easy.}
h6 30. Bd2 Re8 31. Rh5 Ba2 32. Bxh6 Re3 33. Bxe3 1-0

[Event "Hotel Agro GM"]
[Site "Budapest"]
[Date "1999.08.04"]
[Round "6"]
[White "Cao, Sang"]
[Black "Ovsejevitsch, Sergei"]
[Result "1/2-1/2"]
[WhiteElo "2501"]
[BlackElo "2515"]
[Annotator "Finkel,A"]
[PlyCount "58"]
[EventDate "1999.08.05"]
[EventType "tourn"]
[EventRounds "9"]
[EventCountry "HUN"]
[EventCategory "10"]
[SourceTitle "CBM 073"]
[Source "ChessBase"]
[SourceDate "1999.12.01"]
[SourceVersion "1"]
[SourceVersionDate "1999.12.01"]
[SourceQuality "1"]

1. e4 g6 (1... d6 2. d4 Nf6 3. Nd2 g6 4. Ngf3 Bg7 5. Bd3 O-O 6. O-O c5 $5 (6...
Nc6 7. c3 Nd7 $5 (7... Nh5 8. Nc4 e5 9. Bg5 f6 10. Be3 Kh8 11. Re1 Bd7 12. Be2
Qe7 13. Qb3 Nd8 14. Rad1 Qe8 15. Rd2 b6 16. Qd1 Nf7 17. Nh4 Nf4 18. Bxf4 exf4
$132 {Manor,I-Hickl,J/Tel-Aviv/1989/}) (7... Re8 8. Nc4 (8. Re1 e5 9. dxe5 Nxe5
$1 10. Nxe5 Rxe5 11. Nc4 Re7 $10) 8... Nd7 $5 {/\e5=}) 8. Nc4 e5 $10) 7. c3
cxd4 8. cxd4 Nc6 9. d5 Nb4 10. Bc4 a5 11. Re1 Bd7 12. a3 Na6 13. Nb3 Ba4 14.
Qe2 Bxb3 15. Bxb3 Nc5 16. Bc2 Nfd7 17. Rb1 a4 18. Be3 Qa5 19. h4 h5 20. Ng5 Qa6
$15 {Meduna,E-Jirovsky,Pe/Prague Mladi/1994/}) 2. d4 Bg7 3. Nf3 d6 4. Bd3 Nf6
5. O-O O-O 6. h3 Nc6 7. c3 e5 (7... Nd7 $5 $13 {/\e5}) (7... Re8 8. Nbd2 a6 $6
9. Re1 Nd7 10. Nf1 e5 11. Bg5 Bf6 12. Be3 Qe7 13. Rc1 Nf8 14. a3 Bg7 15. Ng3 h6
16. d5 $1 Nd8 17. b4 Nd7 18. Nd2 $16 {(),-><<,Moravietz,D-Lau,R,Porz 1992-CBM
31}) 8. Re1 Re8 (8... a6 9. Be3 h6 10. Na3 Re8 11. Qd2 $6 exd4 12. cxd4 Nxe4
13. Bxe4 Rxe4 14. Bxh6 d5 $1 15. Bxg7 Kxg7 16. Nc2 Qf6 17. Qg5 Bf5 18. Qxf6+
Kxf6 19. Ne3 Be6 20. Rad1 $10 {Kuporosov,V-Ehlvest,J,Helsinki op 1992-CBM 32})
(8... Bd7 9. Be3 Re8 10. Nbd2 h6 11. a3 Nh5 12. b4 Nf4 13. Bxf4 exf4 14. Bc4
Re7 15. Nb3 Qe8 16. Qd3 Nd8 17. Nbd2 Kh8 18. Re2 a6 19. Rae1 $14 {[+],
Kuporosov,V-Sturua,Z,Helsinki op 1992-CBM 32}) 9. Nbd2 (9. dxe5 dxe5 10. Na3
Qe7 11. Nc4 Rd8 12. Qc2 Nh5 13. Bg5 Bf6 14. Bh6 Nf4 15. Bf1 Bg7 16. Bg5 f6 17.
Bh4 Be6 18. Nfd2 Bh6 19. Red1 $10 {Davies,N-Gavrikov,V,Budapest Texta 1988-CBM
09}) (9. a3 h6 10. Bc2 Nh5 11. b4 Qf6 12. d5 Ne7 13. c4 Nf4 14. Nc3 a6 $132 {
Karlsson,L-Jansa,V/Oslo 1988}) (9. Na3 h6 10. Nc2 Bd7 11. Bd2 a5 12. b3 Nh5 13.
Qc1 g5 14. Bf1 Qf6 15. dxe5 dxe5 16. Ne3 Nf4 17. Nd5 $14 {Rublevsky,
S-Krasenkow,M/Rubinstein mem 1996}) 9... Nh5 (9... Bd7 10. Bc2 h6 (10... d5 11.
dxe5 Nxe4 12. Nxe4 dxe4 13. Bxe4 $36 {/\><b7}) 11. Nf1 Nh7 12. Ng3 $14 {()} Ng5
$6 (12... Qe7 $142 $14 {/\Qf8,f5,h5,Bh6}) 13. Nxg5 hxg5 14. Be3 {><g5} Bf6 15.
d5 Nb8 16. f3 Be7 17. Ne2 Kg7 18. g4 $5 $14 {Dolmatov,S-Sturua,Z/Moscow
Alekhine op 1992} (18. c4 f5 19. b4 $16)) (9... d5 $5 10. Bb5 $5 (10. Nxe5 Nxe5
11. dxe5 Nxe4 12. Nxe4 dxe4 13. Bxe4 Qxd1 14. Rxd1 Bxe5 15. Bh6 c6 16. Bc2 Bg7
17. Be3 a5 18. a4 {1/2-1/2 Lautier,J-Oratovsky,M/EUCup final 1999}) 10... exd4
11. Nxd4 Bd7 12. Bxc6 bxc6 $13) (9... a6 10. Nf1 (10. Nc4 $6 exd4 11. cxd4 d5
$15) 10... b6 (10... d5 $5 11. exd5 Nxd5 12. dxe5 Nxe5 13. Nxe5 Rxe5 14. Rxe5
Bxe5 15. Be4 Be6 $10) 11. Ng3 Bb7 12. d5 $5 Nb8 13. c4 Nbd7 14. Be3 c6 (14...
a5 15. a3 $14 {/\} a4 $2 16. Bc2) 15. dxc6 (15. Bc2 $5 $14) 15... Bxc6 16. b4
Nf8 $132 {Rublevsky,S-Balashov,Y/Kurgan 1994} (16... b5 17. Rc1 $36)) (9... Nd7
10. Nb3 a5 11. Bg5 Bf6 12. Be3 {1/2-1/2 Mitrovic,P-Matulovic,M/JUG-chT 1996})
10. dxe5 $6 {With such move white can't fight for opening advantage,but as
shows the game white was playing for a draw so thi move isn't that bad.} (10.
Nb3 h6 11. Bb5 Bd7 12. Bxc6 Bxc6 13. Na5 exd4 14. Nxc6 bxc6 15. cxd4 $14 {
Popovic,P-Lau,R/Carl Schlechter mem 1996}) 10... dxe5 11. Nf1 h6 ({Another
possibility was} 11... Nf4 12. Bb5 Qf6 13. Ne3 a6 14. Bf1 Ne7 $11) (11... a6 $5
) 12. Ne3 Nf4 13. Bb5 Be6 14. Ng4 ({White has no time for} 14. Qa4 $6 {because
of} Qf6 $1 {[%csl Rf3] and white has some problems.}) 14... Bxg4 15. Qxd8 {
Keeping on to play for a draw,but also after} (15. hxg4 Qf6 16. Be3 a6 17. Bf1
Rad8 18. Qc2 Rd7 19. g3 Ne6 20. Kg2 Red8 $11 {black is o'kay.}) 15... Rexd8 16.
hxg4 Nd3 17. Rd1 ({The last chanse to keep on playing was} 17. Bxd3 Rxd3 18.
Bd2 Rad8 19. Rad1 Na5 20. b3 $13 {[%cal Gg1f1,Gf1e2,Gc3c4,Gd2e3] with little
hope for advantage.}) 17... Nxc1 18. Raxc1 Rxd1+ 19. Rxd1 Rd8 20. Rd2 Rxd2 21.
Nxd2 Nd8 (21... Kf8 $2 22. Bxc6 bxc6 23. Kf1 Ke7 24. Ke2 $14) 22. Bc4 Bf8 23.
Kf1 Bd6 24. Ke2 Kf8 25. g3 Ke7 26. Nf1 c6 27. a4 Bc7 28. Kd3 Bb6 29. Ke2 a6
1/2-1/2

[Event "Petermaennchen GM"]
[Site "Schwerin"]
[Date "1999.08.13"]
[Round "7"]
[White "Zagrebelny, Sergey"]
[Black "Kalinin, Oleg"]
[Result "0-1"]
[WhiteElo "2521"]
[BlackElo "2432"]
[Annotator "Finkel,A"]
[PlyCount "84"]
[EventDate "1999.08.09"]
[EventType "tourn"]
[EventRounds "9"]
[EventCountry "GER"]
[EventCategory "10"]
[SourceTitle "CBM 073"]
[Source "ChessBase"]
[SourceDate "1999.12.01"]
[SourceVersion "1"]
[SourceVersionDate "1999.12.01"]
[SourceQuality "1"]

1. e4 d6 2. d4 Nf6 3. Nd2 g6 4. Ngf3 Bg7 5. Bd3 O-O 6. O-O Nbd7 7. c3 e5 8. Re1
b6 9. a4 a6 (9... a5 10. Bb5 (10. Nc4 Qe7 11. dxe5 dxe5 12. b4 axb4 13. cxb4
Bb7 14. Ba3 Rfd8 15. Qc2 Nh5 16. Ne3 $14 {Meduna,E-Van Wely,L/Novy Smokovec
1992}) 10... Bb7 11. d5 Rc8 12. Nc4 Nc5 13. Bg5 Ba6 14. Na3 Bxb5 15. Nxb5 h6
16. Bxf6 Qxf6 17. b4 Nd7 $13 {Oratovsky,M-Finkel,A/Rishon le Zion YM 1995}) 10.
b4 (10. a5 Bb7 11. axb6 cxb6 12. d5 Qc7 13. Nb3 Nh5 14. g3 Bc8 15. Bf1 $14 {
Kishnev,S-Schmaltz,R/Recklinghaus 1996}) (10. Nc4 Re8 (10... Bb7 11. dxe5 dxe5
12. Ncxe5 Nxe5 13. Nxe5 Nxe4 14. Bf4 Nc5 15. Bc4 Qf6 $13 {Golubovic,B-Finkel,A/
Cannes Martinez op 1996}) 11. d5 Nc5 12. Bc2 Bd7 13. h3 Nb7 14. Qe2 b5 15. axb5
Bxb5 16. Bg5 Qc8 17. Bxf6 Bxf6 18. Ba4 $14 {Kulaots,K-Iordachescu,V/WchJM U20
1996}) (10. b3 Re8 (10... Bb7 11. dxe5 dxe5 12. Ba3 c5 13. Qc2 Qc7 14. Nf1 Rfd8
15. Ne3 $14 {Leko,P-Shirov,A/Frankfurt rapid 1996}) 11. d5 Bh6 12. b4 Nh5 13.
a5 Ng7 14. axb6 cxb6 15. c4 Bb7 16. Nb3 $14 {Oratovsky,M-Petran,P/Cappelle op
1996}) (10. Bc2 Bb7 11. d5 Qe7 12. Nc4 Rac8 13. b3 Rfd8 14. Ba3 Bh6 15. g3 Re8
16. Qe2 $14 {Chudinovskih,A-Beim,V/Graz op 1996}) 10... Bb7 (10... Nh5 11. Nc4
Bb7 12. dxe5 dxe5 13. Ba3 Qf6 14. g3 Rfe8 15. Ne3 Nf8 16. c4 c6 $132 {Bagirov,
V-Iordachescu,V/Berliner Sommer 1995}) 11. Qb3 $5 Nh5 12. Nf1 (12. Bb2 Nf4 13.
Bc2 (13. Bf1) 13... Qf6 14. d5 a5 $132) 12... h6 13. Ng3 Nxg3 14. hxg3 exd4 15.
cxd4 c5 16. Bf4 (16. Bb2 cxd4 17. Nxd4 Rc8 18. Rad1 Qe7 $132) 16... d5 $5 {
Interestiing attempt to complicate the matters,but white still can keep an
upper hand.} 17. exd5 (17. bxc5 dxe4 18. Bxe4 Bxe4 19. Rxe4 bxc5 (19... Nxc5 $2
{[%cal Gg7a1]} 20. dxc5 Bxa1 21. cxb6 $16 {[%cal Gb6b7]}) 20. Rd1 cxd4 21. Bd6
Re8 $11) 17... cxd4 18. Rac1 $6 ({After} 18. Bd6 Re8 19. Rxe8+ Qxe8 20. Re1 Qc8
21. Bc4 $14 {black faces some problems}) 18... Nf6 19. d6 $6 ({More logical was
} 19. Nxd4 Qxd5 20. Qxd5 Nxd5 21. Nc2 Nxf4 22. gxf4 Rfd8 $15 {with slightly
bettr prospects for black.}) 19... Nh5 $1 $36 20. Bxg6 ({Also after} 20. Ne5
Nxf4 21. gxf4 Qxd6 22. Nxg6 Rfe8 23. Ne5 Bxe5 24. Rxe5 Rxe5 25. fxe5 Qxe5 $17 {
white is in troubles.}) 20... Nxf4 21. gxf4 Bxf3 $1 22. Re7 $2 {Suicide!After}
(22. gxf3 Qxd6 (22... Qf6 23. Be4 Rad8 24. f5 Rxd6 25. Qd3 $11) 23. Be4 Rad8
24. Qd3 Qxf4 25. Qxa6 Rd6 $15 {white may still defend his position.}) 22...
Qxd6 $19 23. Bxf7+ Kh8 24. Rcc7 Rac8 $1 {Now everything is over.} 25. Red7 $8 (
25. Rcd7 Rc1+ 26. Kh2 Qxf4+ 27. g3 Rh1#) 25... Qxc7 26. Rxc7 Rxc7 27. Bg6 Be2
28. Qe6 d3 29. Qd6 Rc4 $1 30. Bxd3 Rd4 31. Qxb6 Bxd3 32. f3 Rdxf4 33. Kh2 Rc4
34. Qd6 Rd4 35. Qc5 Rf5 36. Qe7 Rh5+ 37. Kg1 Rdd5 38. g4 Rhe5 39. Qb7 Kh7 40.
f4 Re1+ 41. Kf2 Re2+ 42. Kf3 Be4+ 0-1

[Event "RUS-Cup03 Geller Memorial"]
[Site "Moscow"]
[Date "1999.02.09"]
[Round "8"]
[White "Landa, Konstantin"]
[Black "Korotylev, Alexey"]
[Result "0-1"]
[WhiteElo "2542"]
[BlackElo "2440"]
[Annotator "Finkel,A"]
[PlyCount "66"]
[EventDate "1999.02.10"]
[EventType "swiss"]
[EventRounds "9"]
[EventCountry "RUS"]
[SourceTitle "CBM 070"]
[Source "ChessBase"]
[SourceDate "1999.06.08"]
[SourceVersion "1"]
[SourceVersionDate "1999.06.08"]
[SourceQuality "1"]

1. e4 d6 2. d4 g6 3. c3 Bg7 4. f4 Nf6 5. Bd3 O-O 6. Nf3 c5 7. dxc5 Nbd7 $1 8.
Qe2 $6 {The whole variation promises absolutely nothing to white,but with his
last move he only cretes additional problems to himself.Better is 8.Be3 or 8.c:
d6 in both cases with appoxemetly equal chanses.} (8. Be3 $5 Nxc5 9. Bxc5 dxc5
10. Na3 Qc7 11. e5 Nd5 12. g3 Rd8 13. Qe2 a6 14. O-O Bg4 $11 {Bareev,
E-Todorcevic,M/Belgrade GMA 1988 (55)}) (8. cxd6 exd6 9. O-O (9. Nbd2 Nc5 10.
Bc2 Re8 11. O-O Ncxe4 12. Nxe4 Nxe4 13. h3 Bf5 14. Kh2 Rc8 $132 {Hauchard,
A-Bogdanovski,V/Cannes op 1990 (40)}) (9. Be3 $6 Re8 10. Nbd2 Nd5 $1 11. Qe2
Nxe3 12. Qxe3 Nf6 13. g3 Bf5 14. O-O-O Rc8 $36 {Komljenovic,D-Todorcevic,M/San
Sebastian op 1991 (51)}) 9... Nc5 10. Qc2 (10. Re1 Re8 11. Qc2 Nxd3 12. Qxd3
Rxe4 13. Rxe4 Bf5 14. Be3 Bxe4 15. Qe2 Qe7 16. Nbd2 $11 {Brustman,A-Segal,A/
Manila olw 1992 (32)}) (10. e5 dxe5 11. Nxe5 Ng4 12. Bc4 Nxe5 13. fxe5 Qxd1 14.
Rxd1 Be6 15. Na3 Bxe5 $11 {Lodhi,M-Norwood,D/Dhaka 1993}) (10. Be3 Ncxe4 11.
Bxe4 Nxe4 12. Bd4 Nf6 13. Nbd2 b6 14. a4 Re8 15. Re1 Rxe1+ 16. Qxe1 Bb7 $132 {
Mitkov,N-Dunnington,A/Paris-ch 1993 (33)}) 10... Re8 11. Nbd2 Bd7 (11... Nxd3
$5 12. Qxd3 Nxe4 13. Nxe4 Bf5 14. Qxd6 Rxe4 15. Qxd8+ Rxd8 16. Kf2 b5 17. a3 a5
$44 {1/2-1/2 Lau,R-Hodgson,J/Wijk-B 1989}) 12. Nd4 Rc8 13. Kh1 Qe7 14. f5 Nfxe4
15. Bxe4 Nxe4 16. fxg6 hxg6 $15 {Hodgson,J-Norwood,D/BCF-ch 1989}) 8... Nxc5 9.
Bc2 ({Also after} 9. O-O b6 10. Rd1 Bb7 11. Nbd2 Nxd3 12. Qxd3 Qc7 {black is
the one who fights for the advantage.}) 9... b6 {[%cal Gc8a6]} 10. O-O Ba6 11.
c4 d5 $1 {Breaking white's center and taking the initiative into his hands.}
12. exd5 Nxd5 13. Rd1 {[%cal Gd1d8]} (13. f5 Qc7 14. Na3 Rad8 15. Re1 e6 $15)
13... e6 14. Ne5 {Hoping to close the "monster" on g7!} Qc7 15. Na3 Nb4 $5 ({
Not so convincing is} 15... Rad8 $6 16. Bd2 Nd7 17. Qe4 f5 18. Qe1 Bxe5 19.
fxe5 Bxc4 20. Bg5 Rc8 21. Nxc4 Qxc4 22. Bb3 $44 {and the position becomes
unclear.}) 16. Bd2 Nxc2 17. Nxc2 Rad8 18. Bb4 $6 (18. b3) 18... g5 $1 {Another
break in the center;this time with even more disasterous consequances for
white.} 19. Nd4 (19. g3 gxf4 20. gxf4 f6 21. Ng4 Qxf4 $17 {[%csl Rc4]}) 19...
gxf4 $17 20. Ndc6 {Giving up another pawn in hope to create counterplay.} Rxd1+
21. Rxd1 Bxc4 $1 {[%csl Rc6,Re5]} 22. Qxc4 Bxe5 23. Nxe5 Qxe5 {Slightly
insecure position of black king doesn't compensate white for lack of two pawns.
} 24. Re1 (24. Bc3 Qe3+ 25. Kh1 Ne4 $1 26. Bd4 Rd8 $1 {[%csl Rh1][%cal Gd8d1]}
27. h3 Nf2+ 28. Kg1 Rxd4 $19) 24... Qf5 25. Qd4 h6 $1 {Safety of the king is
the most important thing!} 26. Re5 Qb1+ 27. Re1 Qf5 28. Re5 Qf6 29. h4 ({
Nothing changes} 29. Bxc5 bxc5 30. Qxc5 Rd8 31. Re1 Qxb2 32. Qxa7 Rd2 33. Qa8+
Kg7 34. a3 Qd4+ 35. Kh1 Rd1 $19 {and black is winning.}) 29... Rd8 $19 30. Bxc5
bxc5 $1 31. Qc3 Rd1+ 32. Kf2 Qxh4+ 33. Ke2 Qh1 0-1

[Event "MK Cafe Cup-A"]
[Site "Koszalin"]
[Date "1999.08.13"]
[Round "10"]
[White "Eingorn, Vereslav S"]
[Black "Degraeve, Jean Marc"]
[Result "1-0"]
[WhiteElo "2589"]
[BlackElo "2542"]
[Annotator "Finkel,A"]
[PlyCount "113"]
[EventDate "1999.08.03"]
[EventType "swiss"]
[EventRounds "9"]
[EventCountry "POL"]
[SourceTitle "CBM 073"]
[Source "ChessBase"]
[SourceDate "1999.12.01"]
[SourceVersion "1"]
[SourceVersionDate "1999.12.01"]
[SourceQuality "1"]

1. d4 g6 2. e4 Bg7 3. Nf3 d6 4. c3 Nf6 5. Bd3 O-O 6. O-O c5 7. Re1 cxd4 8. cxd4
Bg4 (8... Nc6 9. h3 e5 10. d5 Ne7 11. Nc3 Nh5 12. Bf1 h6 13. a4 Nf4 14. Nd2 $14
{Julve,P-Desbones,S/FRA-chT9697}) 9. Nbd2 (9. d5 $6 Nbd7 10. Nc3 Ne5 11. Be2
Bxf3 12. Bxf3 Qb6 13. Be2 Rfc8 $132 {Tincu,V-Itkis,B/ROM-chT 1997}) 9... Nc6
10. h3 Bxf3 (10... Bd7 11. Bf1 a5 12. e5 Nd5 13. Nc4 b5 14. Na3 b4 15. Nc4 Nb6
16. exd6 exd6 17. Bf4 $14 {Van der Linden,L-Berkhout,S/NLD-chT9495}) 11. Nxf3
Nd7 (11... Qb6 12. d5 Nd4 13. Nxd4 Qxd4 14. Rb1 Nd7 15. Be3 Qb4 16. a3 Qa5 17.
b4 Qd8 18. Qb3 $14 {Proehl,H-Hackel,M/BL2-O9798}) 12. Be3 e5 13. Bc4 (13. Bf1
h6 14. Qd2 Kh7 15. dxe5 dxe5 16. Rad1 Nf6 17. Bc5 Qxd2 18. Rxd2 $14 {De Wolf,
J-Van Laatum,G/BEL-chT9697}) 13... Nb6 14. Bb5 $5 ({Nothing promises} 14. Bb3
Na5 15. Rc1 Nxb3 16. Qxb3 d5 17. exd5 exd4 18. Bxd4 Bxd4 19. Nxd4 Qxd5 $11 {
and black manages to equalize.}) 14... Nxd4 (14... Rc8 15. a4 a6 16. Bf1 exd4
17. Nxd4 Ne5 18. b3 $5 $14) 15. Nxd4 exd4 16. Bxd4 Bxd4 17. Qxd4 $14 Qg5 $6 {
First inaccuracy slightly worsening the position.} (17... Rc8 18. Red1 (18.
Rac1 $4 Rxc1 19. Rxc1 Qg5 $19 {[%cal Gg5b5,Gg5c1]}) 18... Qg5 19. a4 Rfd8 $14)
18. a4 Rfd8 $6 {After another inaccuracy black finds himself in serious
troubles.Better was} (18... Qe5 19. Red1 (19. Qxe5 dxe5 20. Red1 (20. a5 a6 21.
Bf1 Nd7 22. Rac1 Rac8 23. b4 Nf6 $14) 20... a6 21. Bf1 Rfd8 22. a5 Nd7 23. Bc4
Nf6 24. f3 Kf8 $14)) 19. Rac1 Rac8 20. Rxc8 Nxc8 21. Rd1 $1 Qe7 (21... Nb6 22.
e5 $16) 22. Rd3 $1 $16 {[%csl Rc8,Rd8][%cal Gd3c3,Gd3f3,Gb5c4] The differnce
in the position of pieces makes black's defensive task extremly difficult.} Rf8
23. Rc3 Qe5 24. Qxe5 dxe5 25. Rd3 $1 {[%csl Rc8]} Kg7 (25... a6 26. Bc4 Nb6 27.
Bb3 Rc8 28. a5 Nc4 29. Rd7 Nxa5 30. Bxf7+ Kh8 31. Bd5 $16) 26. Rd7 a6 27. Bf1
Nb6 28. Rxb7 Nxa4 29. b4 $1 {[%csl Ra4,Ra6]} Nc3 30. f3 Nb5 (30... Ra8 31. Bc4
{[%csl Rf7]}) 31. Bxb5 axb5 32. Rxb5 $18 {The game enters technical part,which
is one of the strongest sides of Eingorn's play.} Kf6 33. Rc5 Rb8 34. b5 Ra8
35. Rc1 {[%cal Gc1b1]} Rb8 36. Rb1 Ke6 37. Kf2 f6 (37... Kd6) 38. h4 Rb6 39. h5
gxh5 40. Kg3 Kf7 41. Kh4 Kg6 42. Rb3 f5 ({Doesn't help} 42... Kh6 43. g3 Kg6
44. f4 f5 (44... Kh6 45. f5 Kg7 46. Kxh5 h6 47. g4 Kh7 48. Rc3 $18) 45. exf5+
Kxf5 46. fxe5 Kxe5 47. Kxh5 Kd4 48. g4 Kc4 49. Rb1 Kc3 50. g5 Kc2 51. Re1 $18 {
[%cal Ge1e7,Ge7h7] and white is winning.}) 43. exf5+ Kxf5 44. Rb4 Kg6 45. Kg3
Kf5 46. Kf2 {[%cal Gf2e3,Ge3d3,Gd3c5]} e4 47. fxe4+ Kf4 48. Kg1 {[%cal Gg1h4]}
h4 49. Kh2 Kg4 50. Rb3 $22 Kf4 (50... h6 51. Rb4 Kg5 52. Kh3) 51. Kh3 Kxe4 52.
Kxh4 Kf5 53. Kh5 Kf4 54. g3+ Kf5 55. Rb4 Ke5 56. g4 h6 57. Rb1 1-0